000
00304 a2200157 4500
001
183117
020
_a
040
_c
Magnum
100
_a
Dicke, Ricardo Guilherme
240
1
0
_a
Caieira
_l
por
245
1
0
_a
Caieira
300
_a
255
362
0
_a
1978
697
_a
LITERATURA GERAL
942
_c
BK
999
_c
183117
_d
183117